01238nam a2200265Ia 4500001000600000003000900006008004100015040001300056040001300069041001300082100001700095100002900112245004300141245003700184250001100221260001500232260002200247260004900269300005900318500047700377650003900854650003100893700002000924700002800944 3041IT-RoPAU130308s9999 xx 000 0 und d aIT-RoPAU cIT-RoPAU aFRANCESE aArosio Mario gCodice Aut. SPICS: 9786 aStructure du phenomene television (La) bCommunication Audiovisuelle (La) a1a ed. aSHERBROOKE bEditions Paulines c1969 [1° Ed.:1969 - Ed.Ling.Originale:1969] a"61 p. (prefazione: no ; testo: 61 [pagine: 217-277])" aStruttura del fenomeno Televisivo Società e Comunicazione di Massa Cultura di Massa nella Società Industriale prospettive della Televisione Struttura e Metastruttura Emittente Televisivo Televisione Come Servizio Pubblico Televisione Industria Culturale Intellettuale e Televisione Pubblico della Televisione Condizione del Telespettatore Cultura e Televisione Ambivalenza del mezzo Televisivo Funzione Sociale della Televisione promozione Culturale Cultura Planetaria aTEORIA DELLA COMUNICAZIONE SOCIALE eCodice materia Spics: 3802 aGoffredo Donato gCodice Aut. SPICS: 5967